Wings of Fire, Books to Dragons (or Human) - Statistics

General Stats
  • This quiz has been taken 119 times
  • The average score is 20 of 27
Answer Stats
Book Dragon % Correct
The Dragonet Prophecy Clay
100%
The Hidden Kingdom Glory
99%
The Lost Heir Tsunami
99%
The Brighest Night Sunny
98%
___ Rising Moon(watcher)
96%
Escaping _____ Peril
95%
The Dark Secret Starflight
95%
______ Turning Winter
93%
Legends: Same as answer, plus two Darkstalker
89%
Talons of Power Turtle
84%
The Lost Continent Blue
83%
Darkness of Dragons Qibli
83%
The Hive Queen Cricket
81%
The Poison Jungle Sundew
81%
Clearsight
80%
Fathom
76%
Assassin (Winglets) Deathbringer
75%
The Flames of Hope Luna
70%
The Dangerous Gift Snowfall
70%
Wren
66%
Prisoners (Winglets) Fierceteeth
59%
Leaf
56%
Deserter (Winglets) Six-Claws
50%
Legends: Dragonslayer Ivy
49%
Arctic
44%
Runaway (Winglets) Foeslayer
44%
Snowflake
35%
No matching quizzes found
Score Distribution
Percent of People with Each Score
Percentile by Number Answered
Your Score History
You have not taken this quiz